[Event "Windsor NAYCC U16-U18 Girls"]
[Site "Windsor"]
[Date "2016.08.10"]
[Round "7.26"]
[White "Baker, Victoria"]
[Black "Cui, Cynthia"]
[Result "0-1"]
[WhiteElo "1516"]
[BlackElo "1508"]
[PlyCount "92"]
[EventDate "2016.08.07"]
[EventType "swiss"]
[EventRounds "9"]
[EventCountry "CAN"]
[SourceTitle "EXT 2022"]
[Source "ChessBase"]
[SourceDate "2021.10.06"]
[SourceVersion "1"]
[SourceVersionDate "2021.10.06"]
[SourceQuality "1"]

1. e4 d5 2. exd5 Qxd5 3. Nc3 Qd6 4. Nf3 Nf6 5. Bc4 Bg4 6. h3 Bh5 7. 0-0 c6 8. d4 Nbd7 9. Be3 e6 10. a3 Qc7 11. Re1 Be7 12. Be2 h6 13. Qd2 Bd6 14. b4 0-0 15. b5 Rac8 16. Qd3 Bg6 17. Qd2 c5 18. d5 exd5 19. Nxd5 Nxd5 20. Qxd5 Bxc2 21. Rac1 Nf6 22. Qc4 Be4 23. Nh4 Qa5 24. Rcd1 Rfd8 25. Bd2 Qc7 26. Bc3 Bd5 27. Qd3 Bh2+ 28. Kh1 Bxg2+ 29. Kxg2 Rxd3 30. Bxd3 Nd5 31. Bd2 Bf4 32. Bf5 Rd8 33. Bxf4 Nxf4+ 34. Kf1 Rxd1 35. Rxd1 g6 36. Bd7 c4 37. Ng2 Nxg2 38. Kxg2 c3 39. Bg4 c2 40. Rc1 Qc3 41. a4 Qd2 42. Rxc2 Qxc2 43. a5 Qa4 44. b6 axb6 45. axb6 Qc6+ 46. Bf3 Qxb6 0-1